000 00250nam a2200097Ia 4500
001 644970
005 20250826153614.0
008 250824s9999 xx 000 0 und d
245 0 _aEce Yüce/Ece nin Kardeşi Doğdu
_cGülten Dayıoğlu
260 _bALTIN
999 _c644970
_d644970